• 首页
  • 本馆介绍
  • 公告通知
  • 最新文献
  • 馆藏检索
  • 电子资源
  • 读者导购
  • 参考咨询
  • 我的图书馆
  • 登录
  • 详细信息显示
  • 放入我的书架
  • 预约/预借图书
  • 作者相关作品
  • 分类相关作品
  • 丛书相关作品
  • 出版社相关作品

书目信息

  • 表格格式
  • 工作单格式
  • 卡片格式
题名:
马克思恩格斯论中国
    
 
作者: ;中共中央马克思恩格斯列宁斯大林著作编译局 编译
分册:  
出版信息: 北京   人民出版社  2018
页数: 213页
开本: 26cm
丛书名: 马克思恩格斯著作特辑
单 册:
中图分类: A164
科图分类:
主题词: 马列著作--ma lie zhu zuo--马克思主义
电子资源:
ISBN: 978-7-01-018997-0
000 01761nam 2200301 45
001 012001008757
005 20140102114201.0
010    @a978-7-01-018997-0@dCNY42.00
099    @aCAL 012018072891
100    @a20180614d2018 em y0chiy50 ea
101 1  @achi@cger
102    @aCN@b110000
105    @aabf a 001yy
106    @ar
200 1  @a马克思恩格斯论中国@Ama ke si en ge si lun zhong guo@f中共中央马克思恩格斯列宁斯大林著作编译局编译
210    @a北京@c人民出版社@d2018
215    @a213页@c彩图, 地图@d26cm
225 2  @a马克思恩格斯著作特辑@Ama ke si en ge si zhu zuo te ji
300    @a纪念马克思诞辰200周年
308    @a版权页题丛书名: 马克思诞辰200周年纪念特辑
320    @a有书目和索引
330    @a2018年是马克思诞辰200周年,隆重举办马克思诞辰200周年纪念活动,是党的思想理论建设的一件大事,是凝聚共识的重要举措。为配合相关纪念活动,我社计划专题出版一系列相关图书,本丛书是这一系列几年出版物的一部分。 书目包括:1.马克思 恩格斯《共产党宣言》 2.马克思《1844年经济学哲学手稿》 3.马克思《德意志意识形态》(节选) 4.马克思《雇佣劳动与资本》 5.马克思《1848年至1850年的法兰西阶级斗争》 6.马克思《路易?波拿巴的雾月十八日》 7.马克思《法兰西内战》 8.马克思《哥达纲领批判》 9.马克思《资本论》(节选) 10.马克思 恩格斯《马克思恩格斯论中国》 11.恩格斯《反杜林论》 12.恩格斯《自然辩证法》 13.恩格斯《社会主义从空想到科学的发展》 14.恩格斯《家庭、私有制和国家的起源》 15.恩格斯《路德维希?费尔巴哈和德国古典哲学的终结》
410  0 @12001 @a马克思恩格斯著作特辑
606 0  @a马列著作@Ama lie zhu zuo@x马克思主义
690    @aA164@v5
711 02 @a中共中央马克思恩格斯列宁斯大林著作编译局@Azhong gong zhong yang ma ke si en ge si lie ning si da lin zhu zuo bian yi ju@4编译
801  2 @aCN@b上海新华@c20191020
905    @b1185711-4@dA164@e54@f4
    
    马克思恩格斯论中国/中共中央马克思恩格斯列宁斯大林著作编译局编译.-北京:人民出版社,2018
    213页:彩图, 地图;26cm.-(马克思恩格斯著作特辑)
    纪念马克思诞辰200周年
    
    ISBN 978-7-01-018997-0:CNY42.00
    2018年是马克思诞辰200周年,隆重举办马克思诞辰200周年纪念活动,是党的思想理论建设的一件大事,是凝聚共识的重要举措。为配合相关纪念活动,我社计划专题出版一系列相关图书,本丛书是这一系列几年出版物的一部分。 书目包括:1.马克思 恩格斯《共产党宣言》 2.马克思《1844年经济学哲学手稿》 3.马克思《德意志意识形态》(节选) 4.马克思《雇佣劳动与资本》 5.马克思《1848年至1850年的法兰西阶级斗争》 6.马克思《路易?波拿巴的雾月十八日》 7.马克思《法兰西内战》 8.马克思《哥达纲领批判》 9.马克思《资本论》(节选) 10.马克思 恩格斯《马克思恩格斯论中国》 11.恩格斯《反杜林论》 12.恩格斯《自然辩证法》 13.恩格斯《社会主义从空想到科学的发展》 14.恩格斯《家庭、私有制和国家的起源》 15.恩格斯《路德维希?费尔巴哈和德国古典哲学的终结》
●
相关链接 在E读中查询图书 在五车中查询图书 在当当中查询图书 在豆瓣中查询图书


正题名:马克思恩格斯论中国     索取号:A164/54         预约/预借

序号 登录号 条形码 馆藏地/架位号 状态 备注
1 1185711   211857114   第一样本阅览室/ [索取号:A164/54] 在馆    
2 1185712   211857123   第一借阅区/ [索取号:A164/54] 在馆    
3 1185713   211857132   第一借阅区/ [索取号:A164/54] 在馆    
4 1185714   211857141   第一借阅区/ [索取号:A164/54] 在馆    
唐山师范学院图书馆 欢迎您!
大连网信软件有限公司© 版权所有